| 000 | 01373nam0a2200325 i 4500 | ||
|---|---|---|---|
| 001 | RU\NLR\BIBL_A\011216831 | ||
| 005 | 20241103120658.0 | ||
| 010 |
_a9785170990627 _bНовая школьная программа _94000 |
||
| 010 |
_a978-5-17-099142-6 _bПодготовка к единому государственному экзамену _96000 |
||
| 021 |
_aRU _b2016-68064 _94377 |
||
| 035 | _a(NLR Aleph) 011216831 | ||
| 090 |
_a12001603 _c12001603 |
||
| 100 | _a20160921d2016 e y0rusy50 ca | ||
| 101 | 0 | _arus | |
| 102 | _aRU | ||
| 105 | _ay|||j|||000yy | ||
| 200 | 1 |
_aРусский язык в таблицах _e[для подготовки к ЕГЭ] _e10-11 классы _e[пособие _fавт.-сост.: Г.Ф. Савченкова] |
|
| 210 |
_aМосква _cАСТ _d2016 |
||
| 215 |
_a77, [1] с. _d17 |
||
| 225 | 1 | _aГосударственная итоговая аттестация | |
| 225 | 1 | _aЕГЭ | |
| 225 | 1 | _aЕГЭ - школьникам и учителям | |
| 225 | 1 | _aОбразовательные проекты | |
| 606 |
_aРусский язык _jТаблицы _91533567 _3RU\NLR\AUTH\66969347 |
||
| 686 | 3 | _aШ141.12-922.1[10/11] | |
| 702 | 1 |
_aСавченкова _bГ. Ф. _gГалина Филипповна _4220 |
|
| 942 | _cBOOK | ||
| 980 | _aNBR | ||